000 00651nam a2200217 a 4500
001 17942
003 CO-ViMGA
008 141112s2004 ck r 000 u spa d
020 _a8489970726
040 _aCO-ViMGA
_bspa
_cCO-ViMGA
082 0 4 _a327.174 R653d
100 1 _aRomeva Rueda, Raul
_925396
245 1 0 _aDesarme y desarrollo . Claves para armar conciencias
260 _aBarcelona (España),
_cIntermon,
_c2001
300 _a149.p.
590 _aForma de adquisición : Premio - Mincultura
650 1 4 _aDESARME - ASPECTOS ECONOMICOS
_925397
650 1 4 _aEVOLUCION SOCIAL DE LA PAZ
_925398
650 1 4 _aGLOBALIZACION
942 _2ddc
_cBK
999 _c27341
_d27341